000 00554nam a22002057a 4500
003 OSt
005 20140310182820.0
008 130304t xxu||||| |||| 00| 0 eng d
020 _a9812471340
050 _aQH 581.2
_b.B395 2004
082 _aM 571.621
_bB38 2004
245 _aThe world of the cell /
_cBecker, Wayne M.
260 _aSan Francisco :
_c2003
_bBenjamin Cummings,
300 _axxviii, 802 p. :
_c26 cm
_bill. ;
521 _acollege students
526 _c1210L-1700L
541 _j1
562 _e1
942 _2lcc
_cBK
_kM
999 _c16377
_d16377